| 000 | 00528nam a2200181Ia 4500 | ||
|---|---|---|---|
| 999 |
_c30087 _d30087 |
||
| 003 | OSt | ||
| 005 | 20210105122608.0 | ||
| 008 | 190216s9999||||xx |||||||||||||| ||und|| | ||
| 020 | _a9789382934646 | ||
| 040 | _coclc | ||
| 082 |
_a894.8125 _bBAT/M |
||
| 100 |
_aBathery, Arshad _98036 |
||
| 245 | 0 |
_aMalayalathinte Prabhashanangal / _c Arshad Bathery |
|
| 260 |
_bOlive Publications, _c2014. _aKozhikode: |
||
| 300 | _a161p | ||
| 650 | _aMalayalam | ||
| 942 |
_cBK _2ddc _h894.8125 _iBAT/M _k894.8125 _mBAT/M |
||